| 000 | 00562nam a2200193Ia 4500 | ||
|---|---|---|---|
| 005 | 20250326141119.0 | ||
| 008 | 250326s9999 xx 000 0 und d | ||
| 020 | _a0-7494-1436-7 | ||
| 037 | _aTextbook | ||
| 040 |
_aFMSL _beng _cFMSL |
||
| 041 |
_aeng _2eng |
||
| 084 |
_aX:513 N4 _qFMSL |
||
| 100 |
_aDowling G R _9743742 |
||
| 245 | 0 |
_aCorporate reputations: Strategies for developing the corporate brand _cDowling G R |
|
| 260 |
_aLondon _bLondon, Kogan Page _c1994 |
||
| 300 | _a249p | ||
| 942 |
_cTB _hX:513 N4 |
||
| 999 |
_c1288763 _d1288763 |
||